Sports Quiz

Random Sports or Country Quiz
Score 0/20 Timer 08:00
0 Plays Today
Country and Year Cricketer % Correct
Australia - 2005Ricky Ponting
97.9%
India - 2010Sachin Tendulkar
95.8%
South Africa - 2008Graeme Smith
93.8%
India - 2002Rahul Dravid
93.8%
West Indies - 1976Vivian Richards
91.7%
Australia - 2012Michael Clarke
91.7%
Australia - 2001Matthew Hayden
91.7%
West Indies - 2003 Brian Lara
89.6%
Australia - 2004Justin Langer
87.5%
India - 2008 Virender Sehwag
87.5%
Country and Year Cricketer % Correct
England - 2006 Kevin Pietersen
87.5%
Pakistan - 2006Mohammed Yousuf
85.4%
England - 2002Michael Vaughan
85.4%
India - 1979 Sunil Gavaskar
85.4%
England - 2005Marcus Trescothick
85.4%
England - 2010Jonathan Trott
81.3%
Australia - 2004Damien Martyn
66.7%
England - 1974Dennis Amiss
35.4%
Australia - 1964Bob Simpson
33.3%
India - 1979Gundappa Viswanath
27.1%
Remove Ads.
Support Sporcle.
Get the best of Sporcle when you Go Orange. This ad-free experience offers more features, more stats, and more fun while also helping to support Sporcle. Thank you for becoming a member.

You're not logged in!

Compare scores with friends on all Sporcle quizzes.
OR
Log In

Show Comments

Extras

Top Quizzes Today


Score Distribution

Your Account Isn't Verified!

In order to create a playlist on Sporcle, you need to verify the email address you used during registration. Go to your Sporcle Settings to finish the process.

Report this User

Report this user for behavior that violates our Community Guidelines.

Details: